Biblioteca

Paul's Literary Style : (Registro nro. 45232)

Detalles MARC
000 -LÍDER
Campo fijo de descripción fija 01098aam a2200289 i 4500
001 - NÚMERO DE CONTROL
Campo de control 768714001
003 - IDENTIFICADOR DEL NÚMERO DE CONTROL
Campo de control CO-MdFUSBC
005 - FECHA Y HORA DE LA ULTIMA TRANSACCIÓN
control field 20190606161945.0
008 - ELEMENTOS DE LONGITUD FIJA -- INFORMACIÓN GENERAL
Campo fijo de descripción fija -- Información general 190527t1998 -usdf||| |||| 00| 0 eng d
020 ## - NÚMERO INTERNACIONAL NORMALIZADO PARA LIBROS
Número Internacional Normalizado del libro 9780761839545
040 ## - FUENTE DE CATALOGACIÓN
Agencia de catalogación original CO-MdFUSB
Idioma de catalogación spa
Agencia que realiza la transcripción CO-MdFUSB
Agencia que realiza la modificación CO-MdFUSBC
Convenciones de la descripción rda
041 ## - CÓDIGO DE IDIOMA
Código de idioma para texto/pista de sonido o título separado eng
082 04 - NÚMERO DE CLASIFICACIÓN DECIMAL DEWEY
Número de clasificación 227
Número de la edición del Dewey G 227.066
Clave de autor-Numero de item SP745
100 1# - ASIENTO PRINCIPAL--NOMBRE PERSONAL
Nombre personal Spencer, Aída Besançon
Término relacionador autor
245 1# - TÍTULO
Título del Material Paul's Literary Style :
Parte restante del título - Subtitulo a stylistic and historical comparison of II Corinthians 11:16-12:13, Romans 8:9-39, and Philippians 3:2-4:13.
Mención de responsabilidad, etc. / Aída Besançon Spencer.
264 #1 - PRODUCCIÓN, PUBLICACIÓN, DISTRIBUCIÓN, MANUFACTURA, Y COPYRIGHT
Lugar de producción, publicación, distribución, manufactura Lanham, Maryland :
Nombre del productor, publicador, distribuidor University Press of America,
Fecha de producción, publicación, distribución, manufactura, o copyright [1998]
264 #4 - PRODUCCIÓN, PUBLICACIÓN, DISTRIBUCIÓN, MANUFACTURA, Y COPYRIGHT
Fecha de producción, publicación, distribución, manufactura, o copyright ©1998
300 ## - DESCRIPCIÓN FÍSICA
Extensión 256 páginas
Dimensiones ; 23 cm
336 ## - TIPO DE CONTENIDO
Término de tipo de contenido texto
Código de tipo de contenido txt
Fuente rdacontent
337 ## - TIPO DE MEDIO
Fuente rdamedia
Nombre del tipo de medio sin mediación
Código del tipo de medio n
338 ## - TIPO DE SOPORTE
Fuente rdacarrier
Nombre del tipo de soporte volumen
Código Tipo de soporte nc
505 0# - NOTA DE CONTENIDO
Nota de contenido con formato preestablecido El estilo literario de Pablo. -- El estudio de la estilística de Pablo. -- Los contextos históricos de 2 Corintios, Romanos y Filipenses
563 ## - NOTA DE ENCUADERNACIÓN
Nota de encuadernación Rústico
630 07 - TITULO UNIFORME
Título uniforme Biblia.
Nombre de parte o sección de la obra Epístolas Paulinas
Subdivisión de forma Comentarios
942 ## - TIPO DE MATERIAL (KOHA)
Tipo de Item KOHA Libros General
945 ## - INFORMACIÓN LOCAL DEL REGISTRO
Catalogador JTF925
Existencias
Estado de Material Estado de Perdido Forma de Clasificación Estado de Dañado No para Préstamo Colección Tomo Biblioteca de Origen Biblioteca Permanente Fecha de Adquisición Total de Préstamos Signatura Topográfica Código de Barras Última vez visto Ejemplar/Existencia Fecha de Remplazo Tipo de Material
    Dewey Decimal Classification     Colección General   Biblioteca FUSBC Biblioteca FUSBC 20/11/2014   G 227.066 SP745p 18823 01/09/2023 Ej. 1 26/01/2016 Libros General

Biblioteca FUSBC | Teléfono: (57+4) 349 88 10 Ext. 141| WhatsApp (+57) 3005338115 
E-mail: biblioteca@unisbc.edu.co | Calle 76 87-14 Robledo Palenque, Medellín, Colombia

Con tecnología Koha